Metallurgy for Engineers (Record no. 3438)

MARC details
005 - DATE AND TIME OF LATEST TRANSACTION
control field 20250623113503.0
020 ## - INTERNATIONAL STANDARD BOOK NUMBER
International Standard Book Number 0 7131 3304 X
082 ## - DEWEY DECIMAL CLASSIFICATION NUMBER
Classification number LM 669 ROL
100 ## - MAIN ENTRY--PERSONAL NAME
Author name ROLLASON, E. C.
245 ## - TITLE STATEMENT
Title Metallurgy for Engineers
250 ## - EDITION STATEMENT
Edition statement 4th Ed.
260 ## - PUBLICATION, DISTRIBUTION, ETC.
Place of publication, distribution, etc. London,
Name of publisher, distributor, etc. Edward Arnold Publishers Ltd,
Date of publication, distribution, etc. 1973.
300 ## - PHYSICAL DESCRIPTION
Extent viii,448p.: Ill.; figure & table.
Other physical details Index
Dimensions 22cm.
942 ## - ADDED ENTRY ELEMENTS (KOHA)
Source of classification or shelving scheme Dewey Decimal Classification
Koha item type Books
Holdings
Date last seen Total checkouts Full call number Barcode Cost, replacement price Price effective from Koha item type Lost status Source of classification or shelving scheme Damaged status Not for loan Withdrawn status Home library Current library Shelving location Date acquired Cost, normal purchase price
06/07/2025   LM 669 ROL 00000010806 30000.00 06/07/2025 Books   Dewey Decimal Classification       College of Business Education Main Library College of Business Education Main Library General Collection 10/19/1979 10000.00
06/07/2025   LM 669 ROL 00000010807 30000.00 06/07/2025 Books   Dewey Decimal Classification       College of Business Education Main Library College of Business Education Main Library General Collection 10/19/1979 10000.00